000
00327nam a2200133Ia 4500
005
20251222144858.0
008
251222s9999||||xx |||||||||||||| ||spa||
020
_a
88-424-4027-2
082
_a
850.9/S36/T.I
100
_a
Segre, Cesare
245
0
_a
Testi Nella Storia:
264
_b
Scolastiche Bruno Mondadori
942
_c
LIB
999
_c
21867
_d
21867